| 000 | 00462nam a2200181 a 4500 | ||
|---|---|---|---|
| 001 | 17570 | ||
| 005 | 20180713210727.0 | ||
| 008 | 140415s1957 mx 000 0 spa d | ||
| 041 | _aspa | ||
| 082 |
_a811 _bBAR |
||
| 100 | 1 | _aBARTRA, AGUSTI | |
| 245 | 1 | 0 | _aANTOLOGIA DE LA POESIA NORTEAMERICANA |
| 250 | _a1a ed. | ||
| 260 |
_aMEXICO : _bLIBRO-MEX EDITORES, _c1957 |
||
| 300 | _a463 | ||
| 490 | _aLETRAS | ||
| 650 | 1 | 4 | _aPOESIA NORTEAMERICANA |
| 999 |
_c17570 _d17570 |
||